| 000 | 01524cam a2200325 a 4500 | ||
|---|---|---|---|
| 999 |
_c232694 _d232694 |
||
| 001 | 4000335 | ||
| 003 | Nust | ||
| 005 | 20180117090023.0 | ||
| 008 | 960919s1997 nju b 001 0 eng | ||
| 010 | _a 96046360 | ||
| 020 | _a0805820353 (cloth : alk. paper) | ||
| 020 | _a0805820361 (pbk. : alk. paper) | ||
| 040 |
_aDLC _cDLC _dDLC |
||
| 050 | 0 | 0 |
_aP94 _b.J46 1997 |
| 082 | 0 | 0 |
_a175 _221 |
| 100 | 1 |
_aJensen, J. Vernon _q(John Vernon), _d1922- |
|
| 245 | 1 | 0 |
_aEthical issues in the communication process / _cJ. Vernon Jensen. |
| 260 |
_aMahwah, N.J. : _bErlbaum, _c1997. |
||
| 300 |
_ax, 236 p. ; _c24 cm. |
||
| 440 | 0 | _aLEA's communication series | |
| 504 | _aIncludes bibliographical references (p. 203-228) and indexes. | ||
| 650 | 0 |
_aCommunication _xMoral and ethical aspects. |
|
| 856 | 4 | 2 |
_3Publisher description _uhttp://www.loc.gov/catdir/enhancements/fy0709/96046360-d.html |
| 906 |
_a7 _bcbc _corignew _d1 _eocip _f19 _gy-gencatlg |
||
| 942 |
_2ddc _cBK |
||